|
|
|
|
| LEADER |
00890naa a2200313 a 4500 |
| 001 |
000000734 |
| 003 |
SVKKK |
| 005 |
20071022133905.0 |
| 008 |
030616c1986 xo e sloo |
| FMT |
|
|
|
| 038 |
|
|
|a SVKKK
|
| 040 |
|
|
|a SVKKK
|b slo
|e AACR2
|
| 041 |
0 |
|
|a slo
|
| 044 |
|
|
|a xo
|c SK
|
| 080 |
|
|
|a 553.7.031.1(Bardejovské Kúpele)
|2 1981
|
| 080 |
|
|
|a 615.83
|2 1981
|
| 100 |
1 |
|
|a Mulík, Ján
|4 aut
|
| 245 |
1 |
0 |
|a Bardejovské kúpele od najstarších čias po dnešok
|c Mulík Ján
|
| 300 |
|
|
|b Lit.
|
| 650 |
0 |
4 |
|a pramene minerálne
|x účinky liečivé
|x využívanie
|z Bardejovské Kúpele
|x dejiny
|x súčasnosť
|x rozvoj
|x referáty
|
| 773 |
0 |
|
|t Tretia balneohistorická konferencia
|d Žilina : IGHP, 1986
|g S. 138-161
|
| 957 |
|
|
|a Bardejovské Kúpele
|
| 958 |
|
|
|a NA
|
| 958 |
|
|
|a RE
|
| 974 |
|
|
|d 960315
|a Čr
|
| 992 |
|
|
|a RZB
|
| BAS |
|
|
|
| 852 |
|
|
|a SVKKK
|b BIB
|
| 998 |
|
|
|a GEO
|